World Cup 2018 Stars - Statistics

General Stats
  • This quiz has been taken 41 times
  • The average score is 15 of 20
Answer Stats
Picture Answer % Correct
Cristiano Ronaldo
100%
Harry Kane
100%
Kylian Mbappe
100%
Lionel Messi
100%
Luka Modrić
100%
Eden Hazard
94%
N'Golo Kanté
94%
Edinson Cavani
91%
Thibaut Courtois
91%
Jordan Pickford
88%
Diego Costa
84%
Raphael Varane
84%
Marijo Mandžukić
81%
Christian Eriksen
66%
Yerry Mina
56%
Andreas Granqvist
44%
Takashi Inui
44%
Denis Cheryshev
38%
Hirving Lozano
38%
Blerim Dzemaili
9%
No matching quizzes found
Score Distribution
Percent of People with Each Score
Percentile by Number Answered
Your Score History
You have not taken this quiz